000 00540nam a2200193Ia 4500
999 _c6604
_d6604
003 OSt
005 20200121121849.0
008 190216s9999||||xx |||||||||||||| ||und||
020 _a9788180541414
040 _coclc
082 _a658.3
_bGUP/H
100 _aGupta, C B
_91172
245 0 _aHuman Resource Management /
_cC B Gupta
250 _a6th ed.
260 _bSulthan Chand &co,
_c2004.
_aNew Delhi:
300 _a1074p
650 _aHuman Resource Management
942 _cBK
_2ddc
_h658.3
_iGUP/H
_k658.3
_mGUP/H